000 00950nam a2200277 c 4500
003 BLK
005 20240316120529.0
008 180408b bul|||||r ||||||| ||bul||
020 _a9786190112822
040 _aBLK
041 _aBUL
_cBUL
080 _aЛитература на Египет
_b821.411.21(62)
_z821.411.21(62)-93-34
139 _bЕ 23
245 1 0 _aЕгипетски приказки
_cсъстав. и прев. от древноегипетски Сергей Игнатов
260 _bИзток-Запад
_c2023
_9210881
_aСофия
_n978-619-01- ; 978-619-152- ; 978-954-321- ; 954-8945-
300 _a112 с.
_bс цв. ил.
_c23 см
380 _aDX
504 _a93
590 _aф
700 1 _aИгнатов, Сергей Симеонов
_eпрев.
_971969
852 _aЦб 322221
_bЦб
856 4 _qpdf
856 4 _qpdf
942 _cKNG
_n0
_01
944 _aED
_c2024
_k30532
_lМира Стойчева
999 _c495629
_d495629